[Event "European Senior Team Championship 2021"]
[Site "Don Giovanni hotel, Vinohradska 2733, Prague, Czech Republic"]
[Date "2021.09.05"]
[Round "7"]
[Board "2"]
[White "Kubikova, Hana"]
[Black "Miculka, Petr"]
[Result "1-0"]
[WhiteElo "2070"]
[BlackElo "2081"]
[PlyCount "0"]
[EventDate "2021.08.30"]
[EventType "team"]
[EventRounds "9"]
[EventCountry "ECX"]
[WhiteTeam "CZECH REPUBLIC WOMEN"]
[BlackTeam "KSS VYSOCINA"]

1. d4 {[%clk 1:30:57]} Nf6 {[%clk 1:30:33]} 2. Nf3 {[%clk 1:31:10]} g6
{[%clk 1:30:24]} 3. c4 {[%clk 1:31:20]} Bg7 {[%clk 1:30:34]} 4. g3
{[%clk 1:31:38]} d6 {[%clk 1:30:35]} 5. Bg2 {[%clk 1:31:53]} O-O {[%clk 1:30:45]}
6. Nc3 {[%clk 1:31:10]} Nbd7 {[%clk 1:30:33]} 7. O-O {[%clk 1:31:19]} e5
{[%clk 1:30:05]} 8. e4 {[%clk 1:29:30]} a6 {[%clk 1:29:27]} 9. h3
{[%clk 1:25:17]} b5 {[%clk 1:27:56]} 10. cxb5 {[%clk 1:22:40]} axb5
{[%clk 1:26:51]} 11. Re1 {[%clk 1:16:40]} b4 {[%clk 1:17:36]} 12. Nd5
{[%clk 1:14:56]} c5 {[%clk 1:11:49]} 13. dxe5 {[%clk 1:14:23]} dxe5
{[%clk 1:07:15]} 14. Nxf6+ {[%clk 0:58:40]} Bxf6 {[%clk 0:55:28]} 15. Bh6
{[%clk 0:55:21]} Re8 {[%clk 0:51:02]} 16. Qd5 {[%clk 0:51:36]} Ra7
{[%clk 0:44:57]} 17. Red1 {[%clk 0:45:58]} Qb6 {[%clk 0:36:11]} 18. Be3
{[%clk 0:41:10]} Rc7 {[%clk 0:33:57]} 19. Nd2 {[%clk 0:33:53]} Bb7
{[%clk 0:28:26]} 20. Qb3 {[%clk 0:33:43]} Be7 {[%clk 0:23:56]} 21. Nc4
{[%clk 0:29:07]} Qe6 {[%clk 0:23:00]} 22. Rac1 {[%clk 0:26:00]} Nf6
{[%clk 0:20:46]} 23. Qc2 {[%clk 0:24:45]} Bf8 {[%clk 0:16:58]} 24. Kh2
{[%clk 0:22:58]} Nh5 {[%clk 0:15:09]} 25. b3 {[%clk 0:22:35]} Ng7
{[%clk 0:14:19]} 26. Bh6 {[%clk 0:15:40]} Qf6 {[%clk 0:13:11]} 27. Bxg7
{[%clk 0:14:11]} Kxg7 {[%clk 0:12:43]} 28. Rd3 {[%clk 0:13:38]} Qa6
{[%clk 0:08:56]} 29. Rcd1 {[%clk 0:12:57]} Bc6 {[%clk 0:08:34]} 30. R3d2
{[%clk 0:12:09]} Ra7 {[%clk 0:07:58]} 31. Qb2 {[%clk 0:08:13]} f6
{[%clk 0:08:03]} 32. Qc2 {[%clk 0:07:53]} Rea8 {[%clk 0:08:11]} 33. Nd6
{[%clk 0:06:20]} Qb6 {[%clk 0:05:23]} 34. Qc4 {[%clk 0:06:03]} Qc7
{[%clk 0:01:14]} 35. Qxc5 {[%clk 0:04:51]} Rxa2 {[%clk 0:00:40]} 36. Rxa2
{[%clk 0:05:08]} Rxa2 {[%clk 0:01:05]} 37. Ne8+ {[%clk 0:05:23]} Kf7
{[%clk 0:01:25]} 38. Qxf8+ {[%clk 0:05:33]} Kxf8 {[%clk 0:01:32]} 39. Nxc7
{[%clk 0:05:55]} Rxf2 {[%clk 0:01:52]} 40. Nd5 {[%clk 0:05:11]} Kf7
{[%clk 0:01:43]} 41. Rf1 {[%clk 0:05:08]}  1-0

[Event "European Senior Team Championship 2021"]
[Site "Don Giovanni hotel, Vinohradska 2733, Prague, Czech Republic"]
[Date "2021.09.05"]
[Round "7"]
[Board "3"]
[White "Siebenburger, Vlastimil"]
[Black "Svobodova, Michaela"]
[Result "1/2-1/2"]
[WhiteElo "1975"]
[BlackElo "1919"]
[PlyCount "0"]
[EventDate "2021.08.30"]
[EventType "team"]
[EventRounds "9"]
[EventCountry "ECX"]
[WhiteTeam "KSS VYSOCINA"]
[BlackTeam "CZECH REPUBLIC WOMEN"]

1. d4 {[%clk 1:30:52]} d5 {[%clk 1:30:43]} 2. e3 {[%clk 1:31:13]} Nf6
{[%clk 1:30:25]} 3. Bd3 {[%clk 1:31:34]} c5 {[%clk 1:29:25]} 4. c3
{[%clk 1:31:59]} Qb6 {[%clk 1:26:58]} 5. f4 {[%clk 1:31:02]} Bg4 {[%clk 1:23:08]}
6. Nf3 {[%clk 1:30:42]} e6 {[%clk 1:20:15]} 7. Nbd2 {[%clk 1:26:55]} Nc6
{[%clk 1:18:18]} 8. b3 {[%clk 1:24:01]} Be7 {[%clk 1:12:38]} 9. Bb2
{[%clk 1:19:20]} Rc8 {[%clk 1:09:56]} 10. Qe2 {[%clk 1:15:25]} O-O
{[%clk 1:02:36]} 11. h3 {[%clk 1:11:15]} Bf5 {[%clk 0:59:54]} 12. g4
{[%clk 1:10:09]} Bxd3 {[%clk 0:57:44]} 13. Qxd3 {[%clk 1:10:34]} cxd4
{[%clk 0:48:50]} 14. exd4 {[%clk 1:10:00]} Qc7 {[%clk 0:42:39]} 15. Ne5
{[%clk 1:03:24]}  1/2-1/2

[Event "European Senior Team Championship 2021"]
[Site "Don Giovanni hotel, Vinohradska 2733, Prague, Czech Republic"]
[Date "2021.09.05"]
[Round "7"]
[Board "4"]
[White "Cejkova, Miroslava"]
[Black "Korinkova, Eva"]
[Result "1-0"]
[WhiteElo "2010"]
[BlackElo "1801"]
[PlyCount "0"]
[EventDate "2021.08.30"]
[EventType "team"]
[EventRounds "9"]
[EventCountry "ECX"]
[WhiteTeam "CZECH REPUBLIC WOMEN"]
[BlackTeam "KSS VYSOCINA"]

1. e4 {[%clk 1:30:58]} c5 {[%clk 1:30:47]} 2. Nc3 {[%clk 1:31:20]} Nc6
{[%clk 1:30:58]} 3. g3 {[%clk 1:31:29]} g6 {[%clk 1:31:01]} 4. Bg2
{[%clk 1:31:54]} Bg7 {[%clk 1:31:23]} 5. d3 {[%clk 1:32:19]} Nf6 {[%clk 1:26:26]}
6. Nge2 {[%clk 1:20:27]} O-O {[%clk 1:19:55]} 7. O-O {[%clk 1:20:35]} d6
{[%clk 1:12:28]} 8. f4 {[%clk 1:17:10]} e6 {[%clk 1:06:02]} 9. h3
{[%clk 1:11:43]} a6 {[%clk 0:57:33]} 10. Be3 {[%clk 1:09:54]} Ne8
{[%clk 0:51:46]} 11. e5 {[%clk 0:54:27]} Nd4 {[%clk 0:33:13]} 12. Nxd4
{[%clk 0:34:29]} cxd4 {[%clk 0:33:13]} 13. Bxd4 {[%clk 0:34:52]} dxe5
{[%clk 0:32:46]} 14. Bc5 {[%clk 0:28:25]} Nd6 {[%clk 0:30:14]} 15. Ne4
{[%clk 0:21:53]} Nxe4 {[%clk 0:29:26]} 16. Bxe4 {[%clk 0:22:17]} Re8
{[%clk 0:26:54]} 17. c3 {[%clk 0:19:36]} exf4 {[%clk 0:24:55]} 18. gxf4
{[%clk 0:13:44]} Qc7 {[%clk 0:23:48]} 19. Be3 {[%clk 0:13:35]} Rb8
{[%clk 0:20:46]} 20. Qe2 {[%clk 0:10:10]} b5 {[%clk 0:19:59]} 21. Qf2
{[%clk 0:09:56]} Bb7 {[%clk 0:16:35]} 22. Rad1 {[%clk 0:08:28]} f5
{[%clk 0:15:22]} 23. Bxb7 {[%clk 0:08:40]} Rxb7 {[%clk 0:14:52]} 24. Bd4
{[%clk 0:04:27]} Bxd4 {[%clk 0:10:43]} 25. Qxd4 {[%clk 0:04:55]} Kf7
{[%clk 0:05:07]} 26. Rde1 {[%clk 0:05:07]} Rd8 {[%clk 0:05:03]} 27. Qe3
{[%clk 0:05:27]} Qb6 {[%clk 0:03:55]} 28. d4 {[%clk 0:04:39]} b4 {[%clk 0:04:17]}
29. Re2 {[%clk 0:04:27]} bxc3 {[%clk 0:03:59]} 30. bxc3 {[%clk 0:04:55]} Rc7
{[%clk 0:03:44]} 31. Rd1 {[%clk 0:03:52]} Rdc8 {[%clk 0:03:14]} 32. Rc1
{[%clk 0:03:48]} Qd6 {[%clk 0:02:48]} 33. Rec2 {[%clk 0:03:28]} Qd5
{[%clk 0:02:02]} 34. Kf2 {[%clk 0:03:00]} Rc4 {[%clk 0:01:53]} 35. Qf3
{[%clk 0:02:39]} Rd8 {[%clk 0:01:02]} 36. Rb1 {[%clk 0:02:28]} Rc7
{[%clk 0:00:54]} 37. Qxd5 {[%clk 0:02:36]} Rxd5 {[%clk 0:01:23]} 38. Rb6
{[%clk 0:02:42]} a5 {[%clk 0:01:33]} 39. Ke3 {[%clk 0:03:02]} Ke7
{[%clk 0:00:58]} 40. Kd3 {[%clk 0:03:01]}  1-0

[Event "European Senior Team Championship 2021"]
[Site "Don Giovanni hotel, Vinohradska 2733, Prague, Czech Republic"]
[Date "2021.09.05"]
[Round "7"]
[Board "1"]
[White "Spiel, Marianne"]
[Black "Hubeny, Pavel"]
[Result "0-1"]
[WhiteElo "1869"]
[BlackElo "1763"]
[PlyCount "0"]
[EventDate "2021.08.30"]
[EventType "team"]
[EventRounds "9"]
[EventCountry "ECX"]
[WhiteTeam "GERMANY 1 WOMEN"]
[BlackTeam "MAKKABI BOSKOVICE"]

1. e4 {[%clk 1:30:58]} e5 {[%clk 1:30:57]} 2. Nf3 {[%clk 1:31:19]} Nc6
{[%clk 1:31:24]} 3. Bb5 {[%clk 1:31:42]} a6 {[%clk 1:31:51]} 4. Ba4
{[%clk 1:32:06]} Nf6 {[%clk 1:32:17]} 5. O-O {[%clk 1:31:51]} Nxe4
{[%clk 1:31:26]} 6. d4 {[%clk 1:32:01]} b5 {[%clk 1:31:53]} 7. Bb3
{[%clk 1:32:08]} d5 {[%clk 1:32:19]} 8. dxe5 {[%clk 1:20:01]} Be6
{[%clk 1:32:40]} 9. Nbd2 {[%clk 1:00:11]} Nc5 {[%clk 1:32:57]} 10. c3
{[%clk 0:59:13]} Be7 {[%clk 1:32:48]} 11. Bc2 {[%clk 0:55:44]} Bg4
{[%clk 1:32:56]} 12. h3 {[%clk 0:43:01]} Bh5 {[%clk 1:33:19]} 13. Qe1
{[%clk 0:42:28]} Ne6 {[%clk 1:32:05]} 14. Bd1 {[%clk 0:34:31]} Bg6
{[%clk 1:30:20]} 15. Nb3 {[%clk 0:33:24]} O-O {[%clk 1:29:55]} 16. Be3
{[%clk 0:31:39]} Qd7 {[%clk 1:29:50]} 17. Qd2 {[%clk 0:29:07]} Be4
{[%clk 1:29:35]} 18. Nbd4 {[%clk 0:26:52]} Ncd8 {[%clk 1:28:41]} 19. Bc2
{[%clk 0:22:34]} Bxc2 {[%clk 1:27:11]} 20. Qxc2 {[%clk 0:20:40]} c5
{[%clk 1:27:21]} 21. Nf5 {[%clk 0:19:32]} Nc6 {[%clk 1:26:58]} 22. Nxe7+
{[%clk 0:19:18]} Qxe7 {[%clk 1:26:52]} 23. Rad1 {[%clk 0:19:41]} Rad8
{[%clk 1:26:46]} 24. Rfe1 {[%clk 0:18:02]} Qc7 {[%clk 1:26:25]} 25. a3
{[%clk 0:18:06]} Rd7 {[%clk 1:26:23]} 26. Qf5 {[%clk 0:16:31]} Ne7
{[%clk 1:25:21]} 27. Qg4 {[%clk 0:14:31]} Ng6 {[%clk 1:25:24]} 28. h4
{[%clk 0:13:46]} Re8 {[%clk 1:24:19]} 29. h5 {[%clk 0:11:20]} Ngf8
{[%clk 1:22:14]} 30. Qf5 {[%clk 0:08:50]} g6 {[%clk 1:21:26]} 31. hxg6
{[%clk 0:08:23]} fxg6 {[%clk 1:21:28]} 32. Qg4 {[%clk 0:07:58]} Qc6
{[%clk 1:19:38]} 33. Bh6 {[%clk 0:07:13]} Rf7 {[%clk 1:17:28]} 34. Re3
{[%clk 0:06:14]} Nd7 {[%clk 1:17:40]} 35. Nh4 {[%clk 0:03:39]} Ndf8
{[%clk 1:17:07]} 36. Red3 {[%clk 0:03:43]} d4 {[%clk 1:17:09]} 37. cxd4
{[%clk 0:03:52]} Nxd4 {[%clk 1:17:25]} 38. Re3 {[%clk 0:02:38]} Qe6
{[%clk 1:17:15]} 39. Qxe6 {[%clk 0:02:37]} Nfxe6 {[%clk 1:17:22]}  0-1

[Event "European Senior Team Championship 2021"]
[Site "Don Giovanni hotel, Vinohradska 2733, Prague, Czech Republic"]
[Date "2021.09.05"]
[Round "7"]
[Board "2"]
[White "Zemanek, Jan"]
[Black "Leib, Britta"]
[Result "1/2-1/2"]
[WhiteElo "1860"]
[BlackElo "1916"]
[PlyCount "0"]
[EventDate "2021.08.30"]
[EventType "team"]
[EventRounds "9"]
[EventCountry "ECX"]
[WhiteTeam "MAKKABI BOSKOVICE"]
[BlackTeam "GERMANY 1 WOMEN"]

1. d4 {[%clk 1:30:51]} g6 {[%clk 1:30:53]} 2. g3 {[%clk 1:30:06]} Bg7
{[%clk 1:30:46]} 3. Bg2 {[%clk 1:30:22]} Nf6 {[%clk 1:30:21]} 4. Nf3
{[%clk 1:28:54]} d6 {[%clk 1:30:09]} 5. O-O {[%clk 1:28:41]} O-O {[%clk 1:29:39]}
6. c4 {[%clk 1:27:48]} c6 {[%clk 1:24:34]} 7. Nc3 {[%clk 1:28:00]} Nbd7
{[%clk 1:21:26]} 8. Qc2 {[%clk 1:26:25]} Qc7 {[%clk 1:19:43]} 9. e4
{[%clk 1:21:46]} e5 {[%clk 1:18:48]} 10. d5 {[%clk 1:21:02]} cxd5
{[%clk 1:16:12]} 11. cxd5 {[%clk 1:21:21]} Nc5 {[%clk 1:14:19]} 12. Nd2
{[%clk 1:17:39]} Bd7 {[%clk 1:08:14]} 13. Nb3 {[%clk 1:14:22]} Na4
{[%clk 0:47:05]} 14. Bd2 {[%clk 1:08:29]} Rfc8 {[%clk 0:43:50]} 15. Rac1
{[%clk 1:06:00]} Qd8 {[%clk 0:34:09]} 16. Qb1 {[%clk 1:03:48]} Nxc3
{[%clk 0:33:40]} 17. Rxc3 {[%clk 1:03:08]} Rxc3 {[%clk 0:32:26]} 18. Bxc3
{[%clk 0:56:26]} Rc8 {[%clk 0:31:37]} 19. Bd2 {[%clk 0:54:41]} b6
{[%clk 0:26:39]} 20. h3 {[%clk 0:54:35]} Ne8 {[%clk 0:22:47]} 21. Rc1
{[%clk 0:52:25]} f5 {[%clk 0:22:32]} 22. f3 {[%clk 0:51:58]} Rxc1+
{[%clk 0:21:45]} 23. Qxc1 {[%clk 0:52:07]} Bf6 {[%clk 0:21:11]} 24. Be3
{[%clk 0:38:05]} fxe4 {[%clk 0:15:55]} 25. fxe4 {[%clk 0:38:10]} Nc7
{[%clk 0:15:04]} 26. Qd2 {[%clk 0:36:05]} Qc8 {[%clk 0:14:57]} 27. Kh2
{[%clk 0:36:19]} Qa6 {[%clk 0:13:47]} 28. Nc1 {[%clk 0:34:26]} Ne8
{[%clk 0:12:20]} 29. b3 {[%clk 0:33:38]} Qc8 {[%clk 0:10:27]} 30. Nd3
{[%clk 0:33:38]} h5 {[%clk 0:08:48]} 31. Nf2 {[%clk 0:32:13]} Kg7
{[%clk 0:08:56]} 32. Bf1 {[%clk 0:32:15]} Kh7 {[%clk 0:08:28]} 33. a4
{[%clk 0:30:47]} Qc7 {[%clk 0:07:06]} 34. Bd3 {[%clk 0:30:31]} Kg7
{[%clk 0:07:08]} 35. Bc2 {[%clk 0:25:59]} Qc8 {[%clk 0:06:53]} 36. b4
{[%clk 0:23:46]} Qc7 {[%clk 0:04:21]} 37. Bb3 {[%clk 0:20:20]} Bd8
{[%clk 0:03:19]} 38. Kg2 {[%clk 0:18:44]} Be7 {[%clk 0:02:21]} 39. Bd1
{[%clk 0:17:46]} Nf6 {[%clk 0:02:15]} 40. Bg5 {[%clk 0:13:53]} Qc4
{[%clk 0:01:36]} 41. b5 {[%clk 0:12:11]} Kf7 {[%clk 0:30:25]} 42. Qe2
{[%clk 0:40:46]} Qxe2 {[%clk 0:24:27]} 43. Bxe2 {[%clk 0:41:14]} Nxd5
{[%clk 0:24:38]} 44. exd5 {[%clk 0:35:50]} Bxg5 {[%clk 0:24:50]} 45. Bd3
{[%clk 0:34:37]} Be3 {[%clk 0:18:19]} 46. Ne4 {[%clk 0:34:57]} Bc5
{[%clk 0:18:42]} 47. Nd2 {[%clk 0:33:16]} Bb4 {[%clk 0:17:49]} 48. Ne4
{[%clk 0:33:23]} Bf5 {[%clk 0:17:57]} 49. Kh2 {[%clk 0:33:18]} Bxe4
{[%clk 0:18:03]} 50. Bxe4 {[%clk 0:33:42]} Kf6 {[%clk 0:18:08]} 51. h4
{[%clk 0:33:49]} Be1 {[%clk 0:17:53]} 52. Kh3 {[%clk 0:34:11]} Bf2
{[%clk 0:18:08]} 53. Kg2 {[%clk 0:33:52]} Be1 {[%clk 0:18:30]}  1/2-1/2

[Event "European Senior Team Championship 2021"]
[Site "Don Giovanni hotel, Vinohradska 2733, Prague, Czech Republic"]
[Date "2021.09.05"]
[Round "7"]
[Board "4"]
[White "Sysr, Pavel"]
[Black "Birkholz, Olga"]
[Result "0-1"]
[WhiteElo "1563"]
[BlackElo "2018"]
[PlyCount "0"]
[EventDate "2021.08.30"]
[EventType "team"]
[EventRounds "9"]
[EventCountry "ECX"]
[WhiteTeam "MAKKABI BOSKOVICE"]
[BlackTeam "GERMANY 1 WOMEN"]

1. d4 {[%clk 1:30:56]} Nf6 {[%clk 1:30:57]} 2. Nf3 {[%clk 1:30:49]} g6
{[%clk 1:31:24]} 3. e3 {[%clk 1:31:01]} Bg7 {[%clk 1:31:41]} 4. c4
{[%clk 1:31:07]} d6 {[%clk 1:31:06]} 5. Be2 {[%clk 1:30:53]} Nbd7
{[%clk 1:30:42]} 6. Nc3 {[%clk 1:28:31]} O-O {[%clk 1:29:43]} 7. O-O
{[%clk 1:25:06]} Re8 {[%clk 1:27:20]} 8. d5 {[%clk 1:20:06]} a5 {[%clk 1:25:30]}
9. Qc2 {[%clk 1:18:34]} Nc5 {[%clk 1:22:19]} 10. e4 {[%clk 1:14:45]} e5
{[%clk 1:17:57]} 11. Bg5 {[%clk 1:11:56]} h6 {[%clk 1:15:00]} 12. Be3
{[%clk 1:11:20]} Ng4 {[%clk 1:02:08]} 13. Bd2 {[%clk 1:04:53]} f5
{[%clk 1:00:44]} 14. h3 {[%clk 0:59:59]} Nf6 {[%clk 0:57:15]} 15. exf5
{[%clk 0:48:01]} gxf5 {[%clk 0:56:49]} 16. Nh4 {[%clk 0:41:30]} Nfe4
{[%clk 0:46:11]} 17. Nf3 {[%clk 0:33:15]} Nxd2 {[%clk 0:40:56]} 18. Qxd2
{[%clk 0:30:36]} Qf6 {[%clk 0:38:52]} 19. Rad1 {[%clk 0:29:07]} Re7
{[%clk 0:35:55]} 20. g3 {[%clk 0:23:43]} f4 {[%clk 0:30:20]} 21. Kh2
{[%clk 0:20:30]} e4 {[%clk 0:29:35]} 22. Rg1 {[%clk 0:09:05]} exf3
{[%clk 0:25:27]} 23. Bxf3 {[%clk 0:09:21]} fxg3+ {[%clk 0:24:34]} 24. Rxg3
{[%clk 0:09:43]} Bf5 {[%clk 0:24:04]} 25. Rdg1 {[%clk 0:07:38]} Rf8
{[%clk 0:23:28]} 26. Bh5 {[%clk 0:06:08]} Kh8 {[%clk 0:18:13]} 27. Rf3
{[%clk 0:04:44]} Qd4 {[%clk 0:14:37]} 28. Qxd4 {[%clk 0:04:13]} Bxd4
{[%clk 0:15:06]} 29. Bg4 {[%clk 0:03:53]} Ref7 {[%clk 0:14:36]} 30. Ne2
{[%clk 0:03:42]} Be5+ {[%clk 0:14:16]} 31. Ng3 {[%clk 0:02:46]} Bxg4
{[%clk 0:14:14]}  0-1

[Event "European Senior Team Championship 2021"]
[Site "Don Giovanni hotel, Vinohradska 2733, Prague, Czech Republic"]
[Date "2021.09.05"]
[Round "7"]
[Board "1"]
[White "Papacek, Stepan"]
[Black "Hracek, Zbynek"]
[Result "0-1"]
[WhiteElo "2256"]
[BlackElo "2565"]
[PlyCount "0"]
[EventDate "2021.08.30"]
[EventType "team"]
[EventRounds "9"]
[EventCountry "ECX"]
[WhiteTeam "SK SLAVOJ LITOMERICE"]
[BlackTeam "CZECH REPUBLIC"]

1. d4 {[%clk 1:24:36]} Nf6 {[%clk 1:30:38]} 2. Nc3 {[%clk 1:24:58]} d5
{[%clk 1:30:54]} 3. Bf4 {[%clk 1:25:17]} Bf5 {[%clk 1:25:28]} 4. f3
{[%clk 1:23:09]} e6 {[%clk 1:25:48]} 5. g4 {[%clk 1:22:35]} Bg6 {[%clk 1:26:09]}
6. h4 {[%clk 1:22:51]} h5 {[%clk 1:26:38]} 7. g5 {[%clk 1:22:58]} Nfd7
{[%clk 1:27:07]} 8. e3 {[%clk 1:22:16]} Bb4 {[%clk 1:23:06]} 9. Nge2
{[%clk 1:22:09]} Nc6 {[%clk 1:16:30]} 10. a3 {[%clk 1:21:03]} Ba5
{[%clk 1:16:46]} 11. Bg3 {[%clk 1:10:39]} O-O {[%clk 1:13:01]} 12. Nf4
{[%clk 1:09:24]} e5 {[%clk 1:01:50]} 13. Nxg6 {[%clk 1:03:14]} fxg6
{[%clk 0:59:49]} 14. b4 {[%clk 0:53:22]} Nxb4 {[%clk 0:43:26]} 15. dxe5
{[%clk 0:47:23]} Nc6 {[%clk 0:43:11]} 16. Qxd5+ {[%clk 0:45:49]} Kh7
{[%clk 0:41:50]} 17. O-O-O {[%clk 0:42:43]} Qe7 {[%clk 0:37:26]} 18. Nb1
{[%clk 0:42:24]} Ndxe5 {[%clk 0:36:53]} 19. Bxe5 {[%clk 0:42:30]} Rad8
{[%clk 0:28:48]} 20. Qe4 {[%clk 0:35:56]} Qxe5 {[%clk 0:25:47]} 21. Bd3
{[%clk 0:33:22]} Rd6 {[%clk 0:23:35]} 22. Qxe5 {[%clk 0:32:46]} Nxe5
{[%clk 0:24:03]} 23. Be2 {[%clk 0:31:40]} Rxd1+ {[%clk 0:21:00]} 24. Rxd1
{[%clk 0:30:07]} Bb6 {[%clk 0:21:16]} 25. e4 {[%clk 0:29:59]} Rf4
{[%clk 0:14:47]} 26. Nc3 {[%clk 0:29:35]} c6 {[%clk 0:13:36]} 27. Kb2
{[%clk 0:28:09]} Rxh4 {[%clk 0:13:23]}  0-1

[Event "European Senior Team Championship 2021"]
[Site "Don Giovanni hotel, Vinohradska 2733, Prague, Czech Republic"]
[Date "2021.09.05"]
[Round "7"]
[Board "2"]
[White "Haba, Petr"]
[Black "Bartos, Jan"]
[Result "1-0"]
[WhiteElo "2444"]
[BlackElo "2112"]
[PlyCount "0"]
[EventDate "2021.08.30"]
[EventType "team"]
[EventRounds "9"]
[EventCountry "ECX"]
[WhiteTeam "CZECH REPUBLIC"]
[BlackTeam "SK SLAVOJ LITOMERICE"]

1. d4 {[%clk 1:30:45]} Nf6 {[%clk 1:30:54]} 2. c4 {[%clk 1:31:04]} e6
{[%clk 1:31:19]} 3. g3 {[%clk 1:31:22]} Bb4+ {[%clk 1:31:21]} 4. Bd2
{[%clk 1:31:31]} Be7 {[%clk 1:30:31]} 5. Bg2 {[%clk 1:31:36]} d5 {[%clk 1:30:47]}
6. Qc2 {[%clk 1:27:56]} O-O {[%clk 1:29:04]} 7. Nf3 {[%clk 1:28:17]} Nbd7
{[%clk 1:27:22]} 8. O-O {[%clk 1:28:18]} Ne4 {[%clk 1:27:34]} 9. Nc3
{[%clk 1:21:18]} Nxc3 {[%clk 1:23:23]} 10. Qxc3 {[%clk 1:12:54]} Nf6
{[%clk 1:17:24]} 11. Qc2 {[%clk 1:11:12]} Ne4 {[%clk 1:15:40]} 12. Be3
{[%clk 1:10:56]} c6 {[%clk 1:15:00]} 13. Rad1 {[%clk 1:06:38]} f6
{[%clk 1:09:07]} 14. Nd2 {[%clk 0:57:23]} Nd6 {[%clk 1:03:24]} 15. f3
{[%clk 0:52:47]} e5 {[%clk 0:57:28]} 16. dxe5 {[%clk 0:47:49]} fxe5
{[%clk 0:57:21]} 17. cxd5 {[%clk 0:48:15]} cxd5 {[%clk 0:57:28]} 18. Qb3
{[%clk 0:43:14]} Nf5 {[%clk 0:52:42]} 19. Bf2 {[%clk 0:43:15]} Kh8
{[%clk 0:51:36]} 20. e3 {[%clk 0:38:10]} Be6 {[%clk 0:44:28]} 21. Qxb7
{[%clk 0:29:29]} Qa5 {[%clk 0:42:43]} 22. e4 {[%clk 0:23:08]} Rab8
{[%clk 0:41:36]} 23. Qxa7 {[%clk 0:22:48]} Qxa7 {[%clk 0:34:15]} 24. Bxa7
{[%clk 0:23:14]} Rxb2 {[%clk 0:34:40]} 25. exf5 {[%clk 0:23:38]} Bxf5
{[%clk 0:35:06]} 26. Nb3 {[%clk 0:22:39]} Ra8 {[%clk 0:34:17]} 27. Rf2
{[%clk 0:14:04]} Rxb3 {[%clk 0:28:24]} 28. axb3 {[%clk 0:13:37]} Rxa7
{[%clk 0:28:50]} 29. Rxd5 {[%clk 0:13:50]} Be6 {[%clk 0:28:49]} 30. Rxe5
{[%clk 0:10:35]} Bxb3 {[%clk 0:28:55]} 31. Rfe2 {[%clk 0:10:48]} Bf8
{[%clk 0:27:56]} 32. Re8 {[%clk 0:08:50]} Kg8 {[%clk 0:28:14]} 33. Bh3
{[%clk 0:07:28]} Kf7 {[%clk 0:28:20]} 34. Rc8 {[%clk 0:06:57]} Bd5
{[%clk 0:25:50]} 35. Re5 {[%clk 0:03:20]} Ra1+ {[%clk 0:25:42]} 36. Kf2
{[%clk 0:03:00]} Ra2+ {[%clk 0:26:02]} 37. Ke3 {[%clk 0:02:52]} Rxh2
{[%clk 0:25:51]} 38. Rxd5 {[%clk 0:03:09]}  1-0

[Event "European Senior Team Championship 2021"]
[Site "Don Giovanni hotel, Vinohradska 2733, Prague, Czech Republic"]
[Date "2021.09.05"]
[Round "7"]
[Board "3"]
[White "Kozak, Milos"]
[Black "Vokac, Marek"]
[Result "0-1"]
[WhiteElo "2103"]
[BlackElo "2370"]
[PlyCount "0"]
[EventDate "2021.08.30"]
[EventType "team"]
[EventRounds "9"]
[EventCountry "ECX"]
[WhiteTeam "SK SLAVOJ LITOMERICE"]
[BlackTeam "CZECH REPUBLIC"]

1. d4 {[%clk 1:30:58]} g6 {[%clk 1:30:35]} 2. c4 {[%clk 1:31:23]} Bg7
{[%clk 1:30:55]} 3. Nf3 {[%clk 1:31:49]} c5 {[%clk 1:30:26]} 4. d5
{[%clk 1:32:06]} f5 {[%clk 1:30:46]} 5. g3 {[%clk 1:32:16]} d6 {[%clk 1:30:55]}
6. Bg2 {[%clk 1:32:41]} Nf6 {[%clk 1:31:09]} 7. Nc3 {[%clk 1:32:59]} O-O
{[%clk 1:31:34]} 8. O-O {[%clk 1:33:25]} Na6 {[%clk 1:31:56]} 9. Rb1
{[%clk 1:32:42]} Bd7 {[%clk 1:30:58]} 10. a3 {[%clk 1:30:35]} Qe8
{[%clk 1:26:46]} 11. e4 {[%clk 1:21:47]} fxe4 {[%clk 1:25:02]} 12. Ng5
{[%clk 1:22:06]} b5 {[%clk 1:21:41]} 13. cxb5 {[%clk 1:06:17]} Bxb5
{[%clk 1:17:15]} 14. Nxb5 {[%clk 1:04:03]} Qxb5 {[%clk 1:17:42]} 15. Nxe4
{[%clk 0:47:28]} Nxe4 {[%clk 1:11:50]} 16. Bxe4 {[%clk 0:47:56]} c4
{[%clk 1:12:12]} 17. b4 {[%clk 0:43:20]} Nc7 {[%clk 1:12:28]} 18. Be3
{[%clk 0:37:03]} Ne8 {[%clk 0:59:16]} 19. Bd4 {[%clk 0:23:51]} Bxd4
{[%clk 0:39:37]} 20. Qxd4 {[%clk 0:24:14]} Nf6 {[%clk 0:40:03]} 21. Bg2
{[%clk 0:20:28]} Rfc8 {[%clk 0:34:25]} 22. Bh3 {[%clk 0:20:15]} Rc7
{[%clk 0:34:54]} 23. Be6+ {[%clk 0:20:24]} Kg7 {[%clk 0:35:23]} 24. g4
{[%clk 0:14:07]} Qb6 {[%clk 0:33:37]} 25. Qc3 {[%clk 0:14:23]} h6
{[%clk 0:34:04]} 26. h4 {[%clk 0:14:18]} Kh7 {[%clk 0:34:13]} 27. h5
{[%clk 0:11:23]} gxh5 {[%clk 0:31:48]} 28. gxh5 {[%clk 0:10:00]} Rf8
{[%clk 0:29:06]} 29. Kh1 {[%clk 0:04:38]} Ne4 {[%clk 0:16:46]} 30. Qc2
{[%clk 0:04:32]} Rf4 {[%clk 0:17:09]} 31. Bf5+ {[%clk 0:03:13]} Rxf5
{[%clk 0:17:31]} 32. Qxe4 {[%clk 0:03:39]} e6 {[%clk 0:17:45]} 33. dxe6
{[%clk 0:01:14]} Qb7 {[%clk 0:17:39]} 34. Qxb7 {[%clk 0:00:55]} Rxb7
{[%clk 0:18:08]} 35. f4 {[%clk 0:00:50]} Re7 {[%clk 0:14:11]} 36. Rbe1
{[%clk 0:00:58]} Rxh5+ {[%clk 0:13:31]} 37. Kg2 {[%clk 0:01:24]} Kg6
{[%clk 0:13:51]} 38. Kg3 {[%clk 0:00:43]} Kf6 {[%clk 0:11:28]} 39. Kg4
{[%clk 0:00:48]} Rf5 {[%clk 0:09:23]} 40. Rh1 {[%clk 0:00:47]} h5+
{[%clk 0:08:04]} 41. Rxh5 {[%clk 0:29:40]} Rxh5 {[%clk 0:38:32]} 42. Kxh5
{[%clk 0:30:07]} Kf5 {[%clk 0:38:49]} 43. Kh6 {[%clk 0:29:33]} c3
{[%clk 0:38:59]} 44. Rc1 {[%clk 0:28:53]} Rxe6+ {[%clk 0:39:27]} 45. Kg7
{[%clk 0:29:11]} Re7+ {[%clk 0:39:24]} 46. Kf8 {[%clk 0:29:31]} Rc7
{[%clk 0:39:52]} 47. b5 {[%clk 0:29:47]} d5 {[%clk 0:40:13]}  0-1